<?xml version="1.0" encoding="UTF-8"?>
<record
    xmlns:xsi="http://www.w3.org/2001/XMLSchema-instance"
    xsi:schemaLocation="http://www.loc.gov/MARC21/slim http://www.loc.gov/standards/marcxml/schema/MARC21slim.xsd"
    xmlns="http://www.loc.gov/MARC21/slim">

  <leader>00800nam a2200241Ia 4500</leader>
  <controlfield tag="003">OSt</controlfield>
  <controlfield tag="005">20220925194658.0</controlfield>
  <controlfield tag="006">a|||||r|||| 00| 0</controlfield>
  <controlfield tag="007">ta</controlfield>
  <controlfield tag="008">220923b        |||||||| |||| 00| 0 eng d</controlfield>
  <datafield tag="020" ind1=" " ind2=" ">
    <subfield code="a">9780745639857</subfield>
    <subfield code="c">1822.7</subfield>
  </datafield>
  <datafield tag="037" ind1=" " ind2=" ">
    <subfield code="b">5032, 16/09/2013, RAJKIRAN BOOK AGENCY</subfield>
    <subfield code="c">General Book</subfield>
  </datafield>
  <datafield tag="040" ind1=" " ind2=" ">
    <subfield code="a">RTL</subfield>
    <subfield code="c">RTL</subfield>
    <subfield code="b">eng</subfield>
  </datafield>
  <datafield tag="041" ind1=" " ind2=" ">
    <subfield code="2">eng</subfield>
    <subfield code="a">eng</subfield>
  </datafield>
  <datafield tag="082" ind1=" " ind2=" ">
    <subfield code="a">Y73:(Z), Q0/NTI</subfield>
  </datafield>
  <datafield tag="100" ind1=" " ind2=" ">
    <subfield code="a">LATOUR Bruno</subfield>
    <subfield code="9">19436</subfield>
  </datafield>
  <datafield tag="245" ind1=" " ind2="0">
    <subfield code="a">Making of law</subfield>
    <subfield code="b"> An ethnography of the conseil D'Etat. Tr. by Marina Brilman and Alain Pottage   </subfield>
  </datafield>
  <datafield tag="260" ind1=" " ind2=" ">
    <subfield code="a">Cambridge</subfield>
    <subfield code="b">Polity Press         </subfield>
    <subfield code="c">2010</subfield>
  </datafield>
  <datafield tag="300" ind1=" " ind2=" ">
    <subfield code="a">xii,297p</subfield>
    <subfield code="c">cm.</subfield>
  </datafield>
  <datafield tag="650" ind1=" " ind2=" ">
    <subfield code="a">Sociology</subfield>
  </datafield>
  <datafield tag="942" ind1=" " ind2=" ">
    <subfield code="h">Y73:(Z), Q0/NTI</subfield>
    <subfield code="c">GB</subfield>
    <subfield code="2">CC</subfield>
  </datafield>
  <datafield tag="999" ind1=" " ind2=" ">
    <subfield code="c">530365</subfield>
    <subfield code="d">530365</subfield>
  </datafield>
</record>
